Score 0/20 Timer 07:00
0 Plays Today
% Correct
Mesut Ozil
100%
Bernd Leno
96.6%
David Luiz
96.6%
Alexandre Lacazette
96.6%
Nicolas Pepe
93.2%
Granit Xhaka
93.2%
Hector Bellerin
93.2%
Sokratis Papastathopoulos
91.5%
Pierre-Emerick Aubameyang
91.5%
Dani Ceballos
89.8%
% Correct
Shkodran Mustafi
89.8%
Ainsley Maitland-Niles
88.1%
Matteo Guendouzi
88.1%
Bukayo Saka
88.1%
Lucas Torreira
88.1%
Reiss Nelson
84.7%
Gabriel Martinelli
84.7%
Calum Chambers
83.1%
Joe Willock
79.7%
Sead Kolasinac
79.7%
Remove Ads.
Support Sporcle.
Get the best of Sporcle when you Go Orange. This ad-free experience offers more features, more stats, and more fun while also helping to support Sporcle. Thank you for becoming a member.

You're not logged in!

Compare scores with friends on all Sporcle quizzes.
OR
Log In

Sporcle TV

Today on Sporcle TV


Watch our educational content, quiz creation guides, and fun videos on Sporcle TV.

Show Comments

Extras

Top Quizzes Today


Score Distribution

Paid Content

Your Account Isn't Verified!

In order to create a playlist on Sporcle, you need to verify the email address you used during registration. Go to your Sporcle Settings to finish the process.

Report this User

Report this user for behavior that violates our Community Guidelines.

Details: